| 000 | 02432nam a22002297a 4500 | ||
|---|---|---|---|
| 003 | OSt | ||
| 005 | 20260511163711.0 | ||
| 008 | 260511b |||||||| |||| 00| 0 eng d | ||
| 020 | _a9780415713849 | ||
| 040 | _aKenya National Library Service | ||
| 082 | _a700.1 OPP | ||
| 100 |
_aOppenheim, Lois _eAuthor |
||
| 245 |
_aPsychoanalysis and the artistic endeavor : _bconversations with literary and visual artists / _cLois Oppenheim. |
||
| 300 |
_axi, 205 pages : _billustrations, _c23 cm. |
||
| 504 | _aIncludes index | ||
| 520 | _a"Psychoanalysis and the Artistic Endeavor offers an intriguing window onto the creative thinking of several well-known and highly creative individuals. Internationally renowned writers, painters, choreographers, and others converse with the author about their work and how it has been informed by their life experience. Creative process frames the discussions, but the topics explored are wide-ranging and the interrelation of the personal and professional development of these artists is what comes to the fore. The conversations are unique in providing insight not only into the art at hand and into the perspective of each artist on his or her own work, but into the mind from which the work springs. The interviews are lively in a way critical writing by its very nature is not, rendering the ideas all that much more accessible. The transcription of the live interview reveals the kind of reflection censored elsewhere, the interplay of personal experience and creative process that are far more self-consciously shaped in a text written for print. Neither private conversation nor public lecture, neither crafted response (as to the media) nor freely associative discourse (as in the analytic consulting room), these interviews have elements of all. The volume guides the reader toward a deeper psychologically oriented understanding of literary and visual art, and it engages the reader in the honest and often-provocative revelations of a number of fascinating artists who pay testimony to their work in a way no one else can. This is a unique collection of particular interest for psychoanalysts, scholars, and anyone looking for a deeper understanding of the creative process". | ||
| 650 |
_aArts _vPsychological aspects _xCase Studies. |
||
| 650 |
_aPsychoanalysis and art _vCase studies. |
||
| 942 |
_2ddc _cBK _n0 |
||
| 999 |
_c492684 _d492684 |
||